Обогащение промежуточных продуктов пневматических отсадочных машин (ПОМ-1) углеобогатительных фабрик имени Сталина и имени Ворошилова - мокрой отсадкой: Отчет о НИР

Bibliographic Details
Corporate Author: Томский политехнический институт (ТПИ)
Other Authors: Титов П. П. (руководитель), Танковский П. И. (исполнитель)
Language:Russian
Published: Томск, 1954
Subjects:
Format: Book
KOHA link:https://koha.lib.tpu.ru/cgi-bin/koha/opac-detail.pl?biblionumber=184885

MARC

LEADER 00000nbm0a2200000 4500
001 184885
005 20231031172533.0
035 |a (RuTPU)RU\TPU\book\200517 
090 |a 184885 
100 |a 20100923d1954 k y0rusy50 ca 
101 0 |a rus 
102 |a RU 
105 |a a p 000zy 
200 1 |a Обогащение промежуточных продуктов пневматических отсадочных машин (ПОМ-1) углеобогатительных фабрик имени Сталина и имени Ворошилова - мокрой отсадкой  |e Отчет о НИР  |f Томский политехнический институт (ТПИ) ; руководитель П. П. Титов ; П. И. Танковский 
210 |a Томск  |d 1954 
215 |a 24 л. 
610 1 |a отчеты о НИР 
610 1 |a пневматические отсадочные машины 
610 1 |a промежуточные продукты 
610 1 |a обогащение 
610 1 |a углеобогатительные фабрики 
610 1 |a мокрая отсадка 
610 1 |a экономический эффект 
675 |a 622.71  |v 3 
702 1 |a Титов  |b П. П.  |4 673 
702 1 |a Танковский  |b П. И.  |4 677 
712 0 2 |a Томский политехнический институт (ТПИ)  |c (1944-1991)  |2 stltpush  |3 (RuTPU)RU\TPU\col\1123 
801 1 |a RU  |b 63413507  |c 20100923 
942 |c BK